000 00686nam a22001935i 4500
001 54866
003 ES-MaACL
005 20230906163034.0
007 t|
008 940301s1881 sp ||||1| spa d
100 1 _aGallostra y Frau, José.
_953646
245 1 0 _aLo contencioso-administrativo /
_cpor José Gallostra y Frau ; [prólogo de José de Posada Herrera].
260 _aMadrid :
_b[s.n.],
_c1881 (
_fImp. y Fundición de Manuel Tello)
300 _aXXIII, 618 p. ;
_c23 cm.
650 4 _aProcedimiento contencioso administrativo-
_zEspaña.
_916424
700 1 _aPosada de Herrera, José de,
_d1814-1885
_993329
852 _aES-MaACL
_jG-15581
999 _c54866
_d54866